Statistics for People who Won 3 or More Acting Oscars

Click here to take the quiz!

General Stats

  • This quiz has been taken 214 times
  • The average score is 4 of 7

Answer Stats

Award YearsActor or Actress% Correct
1979, 1982, 2011Meryl Streep
91%
1933, 1967, 1968, 1981Katharine Hepburn
77%
1989, 2007, 2012Daniel Day-Lewis
72%
1975, 1983, 1997Jack Nicholson
60%
1996, 2017, 2020Frances McDormand
53%
1944, 1956, 1974Ingrid Bergman
30%
1936, 1938, 1940Walter Brennan
25%

Score Distribution

Percentile by Number Answered

Percent of People with Each Score

Your Score History

You have not taken this quiz